Joe Biden or Donald Trump? - Statistics

General Stats
  • This quiz has been taken 49 times
  • The average score is 11 of 15
Answer Stats
Question Answer % Correct
Promised to build a wall on the U.S. - Mexico border. Donald Trump
100%
Won Ohio in 2016 and/or 2020. Donald Trump
100%
Has appointed a supreme court justice because of a death. Donald Trump
100%
Led a botched withdrawal from Afghanistan. Joe Biden
100%
Is older. Joe Biden
100%
Is taller. Donald Trump
83%
Delaware is their home state. Joe Biden
83%
Has had classified documents found in their residence. Both
67%
Has run in a competitive primary. Both
67%
Has caught COVID. Both
67%
Has appointed a supreme court justice. Both
50%
Appointed more federal judges two years in. Donald Trump
50%
Had a higher approval rating one year in. Joe Biden
50%
Is widely regarded to have won the first presidential debate in 2020. Joe Biden
50%
Their party lost seats in the Midterm elections. Both
33%
No matching quizzes found
Score Distribution
Percent of People with Each Score
Percentile by Number Answered
Your Score History
You have not taken this quiz